Online Catalogue and eLibrary

Aliens and alienists : (Record no. 204)

MARC details
000 -LEADER
fixed length control field 00792pam a2200265 a 4500
001 - CONTROL NUMBER
control field 3054874
005 - DATE AND TIME OF LATEST TRANSACTION
control field 20240129011203.0
008 - FIXED-LENGTH DATA ELEMENTS--GENERAL INFORMATION
fixed length control field 961011s1997 enka b 001 0 eng
020 ## - INTERNATIONAL STANDARD BOOK NUMBER
ISBN 0415157242 (hbk)
020 ## - INTERNATIONAL STANDARD BOOK NUMBER
ISBN 0415157250 (pbk)
040 ## - CATALOGING SOURCE (பட்டியலாக்க மூலம்)
Original cataloging agency DLC
Transcribing agency DLC
Modifying agency DLC
082 00 - DDC Classification
Class No. 616.89/0086/91
DDC Edition Number 21
Item Number - Author Mark ROL.
100 1# - MAIN ENTRY--PERSONAL NAME
Personal name Littlewood, Roland.
245 10 - TITLE STATEMENT
Title Aliens and alienists :
Remainder of title ethnic minorities and psychiatry /
Statement of responsibility, etc. Roland Littlewood and Maurice Lipsedge.
250 ## - EDITION STATEMENT
Edition statement 3rd ed.
260 ## - PUBLICATION, DISTRIBUTION, ETC.
Place of publication, distribution, etc. London ;
-- New York :
Name of publisher, distributor, etc. Routledge,
Date of publication, distribution, etc. 1997.
300 ## - PHYSICAL DESCRIPTION
Extent (e.g. Volumes, Pages etc.) xvi, 352 p. :
650 #0 - SUBJECT ADDED ENTRY--TOPICAL TERM
Topical term or geographic name entry element Immigrants
650 #0 - SUBJECT ADDED ENTRY--TOPICAL TERM
Topical term or geographic name entry element Minorities
650 #0 - SUBJECT ADDED ENTRY--TOPICAL TERM
Topical term or geographic name entry element West Indians
650 #0 - SUBJECT ADDED ENTRY--TOPICAL TERM
Topical term or geographic name entry element Jews
700 1# - ADDED ENTRY--PERSONAL NAME
Personal name Lipsedge, Maurice.
Relator term (Role) Editor
856 42 - ELECTRONIC LOCATION AND ACCESS
Uniform Resource Identifier <a href="http://www.loc.gov/catdir/enhancements/fy0649/96047567-d.html">http://www.loc.gov/catdir/enhancements/fy0649/96047567-d.html</a>
942 ## - Koha item type (Biblio)
Koha item type Books in Stacks (Lending)
Holdings
Lost status Damaged status Collection code Home library Current library Date acquired Full call number Accession Number Item type
    Lending WERC Library WERC Library 01/29/2024 616.89/0086/91 ROL. 2530 Books in Stacks (Lending)

© WERC Library